000 00800nas a2200277 4500
001 BR0101857
003 BR-BrBNA
005 20231205102216.0
007 ta
008 230509b bl.|||p| |||| 00| 00por d
040 _aBR-BrBNA
_bpor
_cBiblioteca Nacional de Agricultura
041 _a(Pt)
072 _aL73
100 1 _aNascimento, E.F.
100 1 _aSant'Ana, F.J.F.
100 1 _aMalm, C.
100 1 _aGheller, V.A.
245 1 _aInflamacao pseudotumoral do baco em cao. Relato de caso
650 _aCao
650 _aBaco
650 _aInflamacao
650 _aTumor
773 0 _tArquivo Brasileiro de Medicina Veterinaria e Zootecnia (Brazil)
_xISSN 0102-0935
_g(Dec 2000), v. 52(6) p. 567-570
_wBR0101857
909 _a202311
_bLúcia
_c55
_dLúcia Elande
942 _2AGRIS
_n0
_cANA
999 _c166314
_d166314